Statistiques concernant Top 10 des pays les plus grands

Cliquez ici pour prendre le quiz!

Statistiques générales

  • Ce quiz a été pris 236 fois
  • Le résultat moyen est 8 sur 10

Statistiques - réponses

HintRéponse% Correct
#1Russie
100%
#2Canada
97%
#4Chine
96%
#5Brésil
93%
#3États-Unis
90%
#7Inde
88%
#6Australie
87%
#10Algérie
75%
#8Argentine
75%
#9Kazakhstan
40%

Distribution des résultats

Percentile par nombre de réponses

% des personnes avec chaque résultat

Votre développement - résultats

Vous n’avez pas pris ce quiz